Discricionariedade, regulação e reflexividade : (Record no. 346)

MARC details
000 -LÍDER
Campo Fixo de Controle 00921nam a2200265 a 4500
001 - NÚMERO DE CONTROLE
Campo de Controle 346
003 - IDENTIFICAÇÃO DO NÚMERO DE CONTROLE
Campo de Controle BR-CuiBMT
005 - DATA E HORA DA ÚLTIMA ATUALIZAÇÃO
Campo de Controle 20231101182640.0
008 - DADOS FIXOS
Dados Fixos 231101b2018 mgb 000 0 eng d
020 ## - INTERNATIONAL STANDARD BOOK NUMBER
Nº do ISBN 9788545005117
040 ## - AGÊNCIA CATALOGADORA
Código da Agência Catalogadora BR-CuiBMT
Agência que transcreveu o registro BR-CuiBMT
080 ## - Nº DA CLASSIFICAÇÃO DECIMAL UNIVERSAL
Nº edição CDU 2007
Nº Class. CDU 35.077
090 ## - NÚMERO DE CHAMADA
Nº classificação 35.077
Cutter G934d
Ano/Edição 5. ed.
100 1# - ENTRADA PRINCIPAL -- AUTOR PESSOAL
Nome pessoal Guerra, Sérgio,
Datas associadas ao nome 1964-
245 10 - TÍTULO PRINCIPAL
Título principal Discricionariedade, regulação e reflexividade :
Subtítulo uma nova teoria sobre as escolhas administrativas /
Indicação de responsabilidade Sérgio Guerra ; prefácio Tercio Sampaio Ferraz Junior.
250 ## - EDIÇÃO
Edição 5. ed., rev. e atual.
260 ## - PUBLICAÇÃO, DISTRIBUIÇÃO, ETC.
Local de publicação Belo Horizonte :
Editora Fórum,
Data 2018.
300 ## - DESCRIÇÃO FÍSICA
N. páginas ou volumes 480 p. ;
Dimensões 21 cm
504 ## - NOTA DE BIBLIOGRAFIA, ETC.
Nota de bibliografia Inclui bibliografia.
590 ## - NOTA LOCAL
Campo de ligação e número de sequência A Biblioteca possui 1. reimpr. 2019.
650 ## - ASSUNTO TÓPICO
Cabeçalho tópico ou nome geográfico Administração pública
Subdivisão geral Regulação
Subdivisão geográfica Brasil
650 ## - ASSUNTO TÓPICO
Cabeçalho tópico ou nome geográfico Discricionariedade
Subdivisão geográfica Brasil
650 ## - ASSUNTO TÓPICO
Cabeçalho tópico ou nome geográfico Atividade econômica
Subdivisão geral Regulação
Subdivisão geográfica Brasil
942 ## - ELEMENTOS DE ENTRADA ADICIONAIS (KOHA)
Fonte de classificação ou esquema de arquivamento Classificação Decimal Universal
Tipo de item do Koha Livros
Holdings
Estado: removido Estado: perdido Fonte de classificação ou esquema de arquivamento Estado: danificado Indisponível para empréstimo Localização permanente Localização atual Data de aquisição Total Checkouts Número de Chamada completo Código de barras Date last seen Número do exemplar Preço efetivo a partir de Tipo de item (Koha) Nota pública
    Classificação Decimal Universal     Biblioteca da Escola Superior de Contas do TCE/MT Biblioteca da Escola Superior de Contas do TCE/MT 01/11/2023   35.077 G934d 5. ed. BIBTCEMT23110015 01/11/2023 Ex. 1 01/11/2023 Livros 1. reimpr. 2019
    Classificação Decimal Universal     Biblioteca da Escola Superior de Contas do TCE/MT Biblioteca da Escola Superior de Contas do TCE/MT 01/11/2023   35.077 G934d 5. ed. BIBTCEMT23110016 01/11/2023 Ex. 2 01/11/2023 Livros 1. reimpr. 2019

Powered by Koha